Statistics for The Fox and the Hound Characters Quiz

Click here to take the quiz!

General Stats

  • This quiz has been taken 28 times
  • The average score is 6 of 9

Answer Stats

DescriptionCharacter% Correct
A bloodhound who befriended the foxCopper
96%
The fox who was raised by an elderly womanTod
96%
The grouchy dog who was against Copper's friendship with a foxChief
76%
The owlBig Mama
64%
The owner of Chief and CopperAmos Slade
60%
The female foxVixey
52%
The woman who raised TodWidow Tweed
48%
The tall red birdBoomer
44%
The little yellow birdDinky
36%

Score Distribution

Percentile by Number Answered

Percent of People with Each Score

Your Score History

You have not taken this quiz